The diversify life journey of human beings / (Record no. 157898)

MARC details
000 -LEADER
fixed length control field 00576nam a22001817a 4500
005 - DATE AND TIME OF LATEST TRANSACTION
control field 20181008125532.0
010 ## - LCCN (DPL NO)
LC control number ENG-124210
020 ## - INTERNATIONAL STANDARD BOOK NUMBER
Terms of availability 320.00
International Standard Book Number 9788193840337
035 ## - SYSTEM CONTROL NUMBER
System control number EN-107742
037 ## - SOURCE OF ACQUISITION
Source of stock number/acquisition DBAD/PUB
082 ## - DEWEY DECIMAL CLASSIFICATION NUMBER
Classification number 304.2
100 ## - MAIN ENTRY--PERSONAL NAME
Personal name Haldar, Ashok Kumar
245 ## - TITLE STATEMENT
Title The diversify life journey of human beings /
Statement of responsibility, etc by Ashok Kumar Haldar
260 ## - PUBLICATION, DISTRIBUTION, ETC. (IMPRINT)
Place of publication, distribution, etc West Bengal
Date of publication, distribution, etc 2018
Name of publisher, distributor, etc Ashok Kumar Haldar
270 ## - ADDRESS
City West Bengal
Address Bidhanpally, P.O. Jhaljhalia, District Malda,
Postal code 732102
300 ## - PHYSICAL DESCRIPTION
Extent 128p.
Dimensions 21(Hb.)
Other physical details ill.
942 ## - ADDED ENTRY ELEMENTS (KOHA)
Source of classification or shelving scheme Dewey Decimal Classification
Item type English Books
Classification part 304.2
Call number suffix HAL
Holdings
Withdrawn status Lost status Not for loan Collection code Home library Current library Date acquired Source of acquisition Cost, normal purchase price Full call number Barcode Copy number Cost, replacement price Koha item type
    Not For Loan Non-fiction D.B.Act.Division Sarojini Nagar 08/10/2018 DBAD/PUB 320.00 304.2 HAL EN-107742 1 320.00 English Books

© Delhi Public Library
Hit Counter
free hit counter